000 00275nam a22001217a 4500
008 181012b xxu||||| |||| 00| 0 eng d
041 _aeng
080 _a159.9
100 _a48
101 _aPSI
245 _aThe Best Science Books for Children
_cWolff,K
942 _2udc
_cBK
999 _c49592
_d49592